000 00499nam a2200169Ia 4500
003 GCL
008 140319s9999 xx 000 0 ara d
040 _aGCL /
_cGCL
082 0 4 _a363.73
_bى ت
100 1 _aمحمد يسرى ابراهيم دعبس
245 1 0 _aتلوث المياة وتحديات الوجود /
_cمحمد يسرى ابراهيم دعبس
300 _a95
490 _aكتاب
_v0
650 0 4 _aتلوث البيئة
650 0 4 _aتلوث المياه
942 _2ddc
_cBK
999 _c42095
_d42095